Co zakłada kobieta aby czuć się atrakcyjna? - Statystyki

Ogólne statystyki
  • Ten quiz został rozwiązany 140 razy
  • Średni wynik to 3 z 7
Statystyki odpowiedzi
Odpowiedź % Poprawnych
Szpilki
81%
Sukienkę
68%
Pończochy
44%
Spódniczkę
37%
Seksowną bieliznę
14%
Bluzkę z dekoltem
9%
Futro
8%
Nie znaleziono quizów pasujących do podanych kryteriów
Rozkład punktacji
Procent ludzi z każdym wynikiem
Percentyl według liczby udzielonych odpowiedzi
Twoja historia wyników
Nie rozwiązałeś tego quizu